000 00405nam a2200157Ia 4500
008 230917s9999||||xx |||||||||||||| ||und||
020 _cRS95
040 _e5115
_aMAIN
041 _aEnglish
082 _a309.1 C417C
100 _aChekki, Dan A, ed.
245 0 _aCommunity development: Theory and method of planned change
260 _aNew Delhi
_bVikas
_c1979
300 _axi, 258 p.
942 _cBK
999 _c210145
_d210145